Microsoft Excel 2013 : (Record no. 81297)

MARC details
000 -LEADER
fixed length control field 01081nam a22002897a 4500
005 - DATE AND TIME OF LATEST TRANSACTION
control field 20170515104234.0
010 ## - LCCN (DPL NO)
LC control number ENG-108916
020 ## - INTERNATIONAL STANDARD BOOK NUMBER
International Standard Book Number 9788120347748
Terms of availability 795.00
035 ## - SYSTEM CONTROL NUMBER
System control number EN-92449
035 ## - SYSTEM CONTROL NUMBER
System control number B-536916-921
035 ## - SYSTEM CONTROL NUMBER
System control number B-663831
037 ## - SOURCE OF ACQUISITION
Source of stock number/acquisition DBAD/PUB
037 ## - SOURCE OF ACQUISITION
Source of stock number/acquisition UBH/Ven
Stock number dpl
037 ## - SOURCE OF ACQUISITION
Source of stock number/acquisition Bookwell
Stock number dpl
082 ## - DEWEY DECIMAL CLASSIFICATION NUMBER
Classification number 005.54
100 ## - MAIN ENTRY--PERSONAL NAME
Personal name Ferrari, Alberto
245 ## - TITLE STATEMENT
Title Microsoft Excel 2013 :
Statement of responsibility, etc by Alberto Ferrari [and] Marco Russo
Remainder of title building data models with PowerPivot /
260 ## - PUBLICATION, DISTRIBUTION, ETC. (IMPRINT)
Place of publication, distribution, etc New Delhi
Name of publisher, distributor, etc PHI Learning
Date of publication, distribution, etc 2014
270 ## - ADDRESS
Address Rimjhim House,111, Patparganj Industrial Estate,
City New Delhi
Postal code 110092
300 ## - PHYSICAL DESCRIPTION
Extent xx. 487 p. :
Dimensions 23cm(pbk)
Other physical details ill.
500 ## - GENERAL NOTE
General note Includes index
650 ## - SUBJECT ADDED ENTRY--TOPICAL TERM
Topical term or geographic name as entry element Data mining
General subdivision Computer programs
700 ## - ADDED ENTRY--PERSONAL NAME
Dates associated with a name 1967-
Personal name Russo , Marco
942 ## - ADDED ENTRY ELEMENTS (KOHA)
Source of classification or shelving scheme Dewey Decimal Classification
Item type English Books
Call number suffix FER
Classification part 005.54
Holdings
Withdrawn status Lost status Not for loan Collection code Home library Current library Date acquired Source of acquisition Cost, normal purchase price Full call number Barcode Copy number Cost, replacement price Koha item type
      Non-fiction Ashok Vihar Ashok Vihar 15/05/2017 BPPD/EN/2013-14/AV/16-17/362/15.2.2017/1034/25.2.2017/ 1.3.2017 795.00 005.54 FER B-663831 1 795.00 English Books
      Non-fiction Bawana Bawana 20/08/2014 UBH/317/28.03.2014/148/25.03.2014/31.03.2014 795.00 005.54 FER B-536919 1 795.00 English Books
    Not For Loan Non-fiction D.B.Act.Division D.B.Act.Division 19/12/2013 DBAD/PUB 795.00 005.54 FER EN-92449 1 795.00 English Books
      Non-fiction Central Library R.C.Libraries (BL-III) 20/08/2014 UBH/317/28.03.2014/148/25.03.2014/31.03.2014 795.00 005.54 FER B-536916 1 795.00 English Books
      Non-fiction R.C.Libraries (zls) R.C.Libraries (zls) 20/08/2014 UBH/317/28.03.2014/148/25.03.2014/31.03.2014 795.00 005.54 FER B-536921 2 795.00 English Books
      Non-fiction Sarojini Nagar Sarojini Nagar 20/08/2014 UBH/317/28.03.2014/148/25.03.2014/31.03.2014 795.00 005.54 FER B536917 1 795.00 English Books
      Non-fiction Sarojini Nagar Sarojini Nagar 20/08/2014 UBH/317/28.03.2014/148/25.03.2014/31.03.2014 795.00 005.54 FER B-536920 2 795.00 English Books
      Non-fiction Vinoba Puri Vinoba Puri 20/08/2014 UBH/317/28.03.2014/148/25.03.2014/31.03.2014 795.00 005.54 FER B-536918 1 795.00 English Books

© Delhi Public Library
Hit Counter
free hit counter